U.S. States by Haiku - Statistics

General Stats
  • This quiz has been taken 13,102 times
  • The average score is 11 of 17
Answer Stats
Haiku State % Correct
Slowly sinking swamp / a pensioner's paradise / zero income tax Florida
88%
Weather balloon crash / what the government told us / that day in Roswell New Mexico
86%
On Lake Pontchartrain / lies a city where people / play trombones outside Louisiana
76%
Black Hills full of gold / send in General Custer / to kick out the Sioux South Dakota
76%
City on a sound / a giant corporation / conquering the world Washington
76%
A moose wandering / on the New Brunswick border / not afraid of cars Maine
73%
Upper and lower / we named our peninsulas / could have done better Michigan
72%
In the vast expanse / cattle with horns ten feet long / bluebonnet flowers Texas
72%
Sticklers often claim / authentic Bourbon whiskey / only comes from here Kentucky
70%
Rich people can buy / a house on Martha's Vineyard / just like Obama Massachusetts
70%
Government workers / the highest household income / never mind "The Wire" Maryland
69%
A farm in Bethel / four hundred thousand hippies / music festival! New York
65%
Laramie Cody / Sheridan Casper Gillette / to name some cities Wyoming
57%
Some kid with a match / industrial pollution / a river on fire Ohio
55%
I would like to know / what exactly they research / in that triangle North Carolina
46%
Words that killed the dream / impossible high speed train / "Not in my backyard" California
45%
A tiny mansion / with the famous Jungle Room / seventy dollars Tennessee
34%
No matching quizzes found
Score Distribution
Percent of People with Each Score
Percentile by Number Answered
Your Score History
You have not taken this quiz